| 000 | 01265cad a22002655a 4500 | ||
|---|---|---|---|
| 001 | L141763 | ||
| 008 | 071219s2007 xxkad f s 000 0 eng d | ||
| 035 | _a(Sirsi) u141763 | ||
| 041 | 0 | _aeng | |
| 050 | 0 | 4 | _a332.642 $2 18 |
| 100 | 1 | _aChin, Henry | |
| 245 | 0 | 0 |
_aGlobal real estate insights _binto the cyclical downturn _h[electronic resource] |
| 260 |
_aLondon _bRREEF _c2007 |
||
| 520 | _aReports that global real estate securities have slowed to 2% to the end of the third quarter 2007, after averaging 25% a year over the past five years. Finds direct markets are also weakening and set to fall to 5% in 2008 after averaging 13% over the previous five years. Considers that, although the downturn is cyclical, the golden years are over. However, real estate remains an attractive long term investment option. | ||
| 651 | 4 | _aInternational | |
| 690 | _aPROPERTY-COMMERCIAL PROPERTY-COMMERCIAL PROPERTY MARKET | ||
| 690 | _aPROPERTY-COMMERCIAL PROPERTY-COMMERCIAL PROPERTY FINANCE AND INVESTMENT | ||
| 700 | 1 | _aTopintzi, Ermina | |
| 700 | 1 | _aHobbs, Peter | |
| 700 | 1 | _aKeng, Tan Yen | |
| 700 | 1 | _aBillingsley, Alan | |
| 700 | 1 | _aNaylor,Sandra | |
| 856 | 4 | 8 |
_uhttps://www.rreef.com/ _zView the report free of charge at www.rreef.com.... |
| 942 | _n0 | ||
| 999 |
_c107764 _d107764 |
||